Handbook of econometrics

Tallennettuna:
Bibliografiset tiedot
Päätekijät: Engle, Robert F (Tekijä), McFadden, Daniel L (Tekijä)
Aineistotyyppi: Kirja
Kieli:englanti
Julkaistu: Amsterdam Elsevier 1994
Sarja:Handbooks in Economics, 2
Aiheet:
Tagit: Lisää tagi
Ei tageja, Lisää ensimmäinen tagi!

MARC

LEADER 00000nam a2200000 a 4500
001 UCI0995
003 CL-VaPUC
008 070608e19940000NE |||||||||||||||||eng|d
020 |a 0444887660 
082 0 4 |a 330.015  |b ENG  |2 21 
100 0 |a Engle, Robert F  |e author  |9 521289 
700 0 |a McFadden, Daniel L  |e author  |9 521290 
245 1 0 |a Handbook of econometrics 
300 |a v 
942 |c BK 
945 |d 20070608 00:00:00  |a jtorresc 
260 |a Amsterdam  |b Elsevier  |c 1994 
650 0 |a Econometría   |9 261029 
650 0 |a Modelos matemáticos   |9 259437 
650 7 |a TEORIA DE ESTIMACION  |2 CL-VaPUC  |9 520577 
650 0 |a Política económica   |9 255029 
583 |a last modification  |c 20070608 00:00:00  |k Rodrigo Vera 
490 0 |a Handbooks in Economics, 2 
999 |c 325945  |d 325943 
952 |0 0  |1 0  |4 0  |6 330_015000000000000_ENG_1994  |7 0  |8 A  |9 407471  |a BIBENE  |b BIBENE  |d 2019-11-22  |h v.4  |i 4346173  |o 330.015 ENG 1994  |p 4346173  |r 2025-01-15  |w 2019-11-22  |y BK  |k ICO